Top 100 NFL players 2022-2023 - Statistics

General Stats
  • This quiz has been taken 12,882 times
  • The average score is 70 of 100
Answer Stats
Hint Answer % Correct
1 QB Cheifs Patrick Mahomes
99%
3 QB Packers Aaron Rodgers
98%
9 QB Bills Josh Allen
97%
2 DE Rams Aaron Donald
96%
4 WR Rams Cooper Kupp
96%
11 QB Bucaneers Tom Brady
96%
7 RB Titans Derrick Henry
95%
13 TE Cheifs Travis Kelce
95%
8 WR Raiders Davante Adams
94%
15 WR Vikings Justin Jefferson
94%
6 CB Rams Jalen Ramsey
93%
94 Chargers WR Keenan Allen
93%
5 LB Steelers TJ Watt
93%
19 WR Dolphins Tyreek Hill
93%
43 Crusaders DT Jonathan Allen
92%
20 TE 49ers George Kittle
91%
28 QB Bengals Joe Burrow
91%
10 DE Browns Myles Garrett
91%
27 WR Bengals Jamaar Chase
90%
25 Chargers QB Justin Herbert
90%
21 DE 49ers Nick Bosa
89%
22 Browns RB NIck Chubb
89%
18 RB Colts Jonathan Taylor
88%
33 WR Bills Stefon Diggs
88%
86Cowboys CB Trevon Diggs
88%
26 WR 49ers Deebo Samuel
87%
48 LB Chargers Joey Bosa
87%
44 Ravens QB Lamar Jackson
86%
35 QB Broncos Russell Wilson
86%
16 LB Cowboys Micah Parsons
84%
34 QB Browns Deshaun Watson
83%
36 CB Chargers JC Jackson
83%
12 LT 49ers Trent Williams
83%
98 Bucaneers WR Mike Evans
80%
69 Jets DT Quinnen Williams
80%
88 Packers RB Aaron Jones
78%
23 49ers LB Fred Warner
78%
47 Ravens TE Mark Andrews
78%
38 LB Raiders Chandler Jones
77%
73 Cowboys QB Dak Prescott
77%
46 Cardinals WR Deandre Hopkins
77%
68 Cardinals QB Kyler Murray
77%
67 Rams QB Matthew Stafford
77%
24 Chargers S Derwin James
76%
70 Seahawks WR DK Metcalf
76%
57 Vikings RB Dalvin Cook
74%
91 Ravens K Justin Tucker
74%
75 Titans WR AJ Brown
73%
14 RG Cowboys Zach Martin
73%
76 Bengals RB Joe Mixon
72%
63 Bucaneers WR Chris Godwin
71%
89 Bucaneers LB Devin White
71%
17 LG Colts Quenton Nelson
70%
31 CB Bills Tre White
70%
83 Browns WR Amari Cooper
69%
85 Falcons TE Kyle Pitts
68%
37 LB Bears Roquan Smith
68%
78 Panthers RB Christian Mccaffrey
66%
66 Raiders TE Darren Waller
66%
56 Chargers LB Khalil Mack
65%
90 Lions TE TJ Hockenson
64%
60 Steelers S Minkah Fitzpatrick
63%
55 Cardinals S Budda Baker
62%
97 Chiefs C Creed Humphrey
60%
30 S Broncos Justin Simmons
60%
65 Ravens CB Marlon Humphrey
60%
52 Saints DE Cameron Jordan
59%
84 Eagles CB Darius Slay
59%
42 Bucaneers DT Vita Vea
58%
53 Browns CB Denzel Ward
57%
100 Raiders WR Hunter Renfrow
57%
99 Broncos CB Pat Surtain
57%
29 CB Falcons AJ Terrell
56%
50 Steelers DE Cameron Heyward
56%
72 Saints CB Marshon Lattimore
56%
58 Bills LB Von Miller
54%
59 Bengals S Jessie Bates
53%
49 LB Rams Bobby Wagner
52%
39 Bucaneers RT Tristan Wirfs
52%
87 Dolphins CB Xavien Howard
52%
82 Bills S Jordan Poyer
51%
41 Panthers DE Brian Burns
50%
62 Colts DT Deforest Buckner
50%
61 Colts LB Darius Leonard
48%
32 LT Packers David Bakhtiari
48%
51 Titans S Kevin Byard
48%
64 Bengals DE Trey Hendrickson
48%
74 Cheifs S Tyrann Mathieu
48%
79 Crusaders DE Chase Young
47%
93 Bills S Micah Hyde
47%
81 Panthers CB Stephon Gilmore
46%
92 Vikings DE Danielle Hunter
45%
77 Patriots LB Matt Judon
45%
54 LT Dolphins Terron Armstead
39%
71 Packers DT Kenny Clark
34%
45 Bucaneers DE Shaquill Barrett
31%
80 Jaguars LG Joel Bitonio
29%
96 Colts CB Kenny Moore
26%
40 Browns LG Wyatt Teller
26%
95 Jets LT Mekhi Becton
24%
No matching quizzes found
Score Distribution
Percent of People with Each Score
Percentile by Number Answered
Your Score History
You have not taken this quiz